000
00338nam a2200133Ia 4500
008
240624s9999 xx 000 0 und d
041
_a
eng
082
_a
330 LEV
100
_a
LEVITT STEVEN D
245
_a
FREAKONOMICS A ROUGE ECONOMIST EXPLORES
260
_a
New York
_b
Allen Lane
300
_a
xii, : 242 : p. : cm. ; 23
365
_c
ERU
999
_c
2939
_d
2939